| 000 | 00350nam a2200145Ia 4500 | ||
|---|---|---|---|
| 008 | 230312s9999||||xx |||||||||||||| ||und|| | ||
| 020 | _a0-619-15978-2 | ||
| 082 |
_a004.22 _bBUR-S |
||
| 100 | _aNegus;Christopher | ||
| 245 | 0 | _aRed Hat Fedora Linux 2 | |
| 260 |
_bThomson _aUSA _c2003 |
||
| 300 | _a630 | ||
| 650 |
_aComputer _vComputer |
||
| 942 | _cBK | ||
| 999 |
_c15279 _d15279 |
||